LEADER 02806nam 2200589 450 001 9910459831703321 005 20210506203100.0 010 $a1-4963-1000-4 035 $a(CKB)3710000000331464 035 $a(OCoLC)903694539 035 $a(SSID)ssj0001420547 035 $a(PQKBManifestationID)12595222 035 $a(PQKBTitleCode)TC0001420547 035 $a(PQKBWorkID)11403645 035 $a(PQKB)10248909 035 $a(MiAaPQ)EBC4625449 035 $a(Au-PeEL)EBL4625449 035 $a(CaPaEBR)ebr11291943 035 $a(OCoLC)962154139 035 $a(EXLCZ)993710000000331464 100 $a20161110h20152015 uy 0 101 0 $aeng 135 $aurcn#nnn||||| 181 $ctxt 182 $cc 183 $acr 200 00$aManual of nutritional therapeutics /$feditors, David H. Alpers [and three others] 205 $aSixth edition. 210 1$aPhiladelphia, [Pennsylvania] :$cWolters Kluwer,$d2015. 210 4$dİ2015 215 $a1 online resource (691 pages) $cillustrations 225 1 $aLippincott Manual 300 $aIncludes index. 311 $a1-4511-9187-1 320 $aIncludes bibliographical references and index. 327 $aSection I General Concepts in Nutrition -- 1. Recommendations for Healthy Young Adults -- 2. Recommendations for Healthy Elderly Adults -- 3. Pregnancy and Lactation -- 4. Approach to Nutrient Deficiency -- Section II Individual Nutrient Components -- 5. Protein and Calories: Requirements, Intake, and Assessment -- 6. Vitamins -- 7. Minerals -- 8. Dietary Supplements -- Section III Therapeutic Nutrition -- 9. Nutritional Support Decision Making -- 10. Enteral Nutritional Therapy -- 11. Parenteral Nutritional Therapy -- 12. Use of Diets and Dietary Components in Clinical Practice -- Section IV Nutritional Management of Specific Diseases -- 13. Dietary Management of Diabetes, Renal Disease, and Hyperlipidemia -- 14. Obesity -- 15. Nutritional Considerations in Chronic Diseases. 330 3 $aCo-authored by three physicians and a dietician, this quick-reference manual provides practical, state-of-the-art, evidence-based nutrition recommendations for healthy adults, hospitalized patients, and people with a full range of health conditions. It's an ideal source to help you meet the nutritional needs of every patient. 410 0$aLippincott manual. 606 $aDiet therapy$vHandbooks, manuals, etc 606 $aNutrition$vHandbooks, manuals, etc 608 $aElectronic books. 615 0$aDiet therapy 615 0$aNutrition 676 $a615.8/54 702 $aAlpers$b David H. 801 0$bMiAaPQ 801 1$bMiAaPQ 801 2$bMiAaPQ 906 $aBOOK 912 $a9910459831703321 996 $aManual of nutritional therapeutics$92133485 997 $aUNINA LEADER 01594nam 2200241zu 450 001 9911015748403321 005 20241220032554.0 035 $a(CKB)37043610200041 035 $a(Perlego)4595811 035 $a(EXLCZ)9937043610200041 100 $a20241121d2024 uy | 101 0 $aita 135 $aur||||||||||| 200 00$aDal discorso come campo al corpus come terreno $eContributo metodologico all'analisi semantica del discorso 210 $cTAB edizioni$d2024 311 08$a9788892959491 311 08$a8892959492 330 8 $aIl volume rappresenta una delle frange piu? recenti dei metodi che la linguistica francese propone per quel filone di studi che viene ormai da diversi decenni denominato "analisi del discorso". Il titolo stesso pone in rapporto diretto e reciproco da un lato l'analisi del "discorso" e la linguistica dei corpora e, dall'altro, un approccio sociologico, che Julien Longhi importa e fonde con l'analisi semantica del discorso. Attraverso software finalizzati all'analisi linguistica, l'autore analizza molti discorsi attuali, tra i quali quelli dell'estrema destra francese, paragonandoli a quelli degli ecologisti, o quelli dei tweet politici del corpus francese Polititweets, sottolineando la capacita? attivista e la portata sociale dell'analisi del discorso, che potrebbe addirittura trasformarsi in una portata politica, nel porsi come interlocutrice della domanda sociale. 700 $aLonghi$b Julien$0481338 906 $aBOOK 912 $a9911015748403321 996 $aDal discorso come campo al corpus come terreno$94407365 997 $aUNINA